000
00318nam a22001337a 4500
008
181030b xxu||||| |||| 00| 0 eng d
020
_a
9780765703842
041
_a
eng
080
_2
2nd
_a
159.9
100
_a
48
101
_a
PSI
245
_a
Treatment of Depression and Related Moods
_c
Badal,D.W
942
_2
udc
_c
BK
999
_c
51093
_d
51093